000 01003nam a2200241Ia 4500
999 _c4907
_d4907
003 OSt
005 20200325152253.0
008 191128s9999 xx a gr 001 0 und d
020 _a1565920635
040 _aCO-JMCR
_cCO-JMCR
082 _a004 .65
082 _b K934c
100 1 _aKrol, Ed.,
_eautor
_91849
245 0 _aConéctate al mundo de internet /
_bEd. Krol
260 _aMadrid :
_bMcGraw-Hill,
_c1995
300 _a597 páginas :
_bIlustraciones en blanco y negro ;
_c24 cm.
505 _a¿De qué trat este libro? -- ¿Qué es internet? -- ¿Cómo trabaja internet? -- ¿Qué está permitido en internet? -- sesión remota -- Mover archivos -- Correo electronico -- Network news
520 _a¿Necesita conocer los dictámenes más recientes de la suprema corte? ¿O datos geográfico, económicos y políticas de la república de Rwanda?
546 _aspa
650 1 4 _aInternet. Sesión remota
_91850
700 1 _aGracía, Hugo Edmundo,
_etraductor
_91851
942 _2ddc
_cBK